[Event "Reykjavik op"]
[Site "Reykjavik"]
[Date "2025.04.14"]
[Round "8"]
[White "Savidge, Daniel"]
[Black "Gunnarsson, Jon Viktor"]
[Result "0-1"]
[WhiteElo "2180"]
[BlackElo "2439"]
[PlyCount "80"]
[EventDate "2025.04.09"]
[EventType "swiss"]
[EventRounds "9"]
[EventCountry "ISL"]
[SourceTitle "CB17_2025"]
[SourceDate "2025.04.23"]
[SourceVersion "1"]
[SourceVersionDate "2025.04.23"]
[SourceQuality "1"]

1. b3 Nf6 2. Bb2 g6 3. d4 Bg7 4. Nc3 d5 5. Qd2 c5 6. e3 Nc6 7. 0-0-0 cxd4 8. exd4 Bf5 9. Bb5 0-0 10. Bxc6 bxc6 11. f3 Nd7 12. g4 Be6 13. Nge2 f5 14. g5 f4 15. Nxf4 Bf5 16. Rhe1 e5 17. dxe5 Qxg5 18. h4 Qh6 19. e6 Ne5 20. e7 Rfe8 21. Rxe5 Bxe5 22. Ncxd5 Bxb2+ 23. Kxb2 Qg7+ 24. c3 cxd5 25. Nxd5 Rac8 26. Qg5 Rc6 27. h5 Qe5 28. h6 Qe2+ 29. Rd2 Qxf3 30. c4 Kf7 31. Qg1 Qe4 32. a4 Qe5+ 33. Ka2 a5 34. Qa7 Re6 35. Qg1 Qe4 36. Qc5 Qb1+ 37. Ka3 Qc1+ 38. Rb2 Re2 39. Qd4 Qa1+ 40. Ra2 Rxa2# 0-1

[Event "Reykjavik op"]
[Site "Reykjavik"]
[Date "2025.04.13"]
[Round "7"]
[White "Gunnarsson, Jon Viktor"]
[Black "Liu, Meng"]
[Result "1-0"]
[WhiteElo "2439"]
[BlackElo "2079"]
[PlyCount "129"]
[EventDate "2025.04.09"]
[EventType "swiss"]
[EventRounds "9"]
[EventCountry "ISL"]
[SourceTitle "CB17_2025"]
[SourceDate "2025.04.23"]
[SourceVersion "1"]
[SourceVersionDate "2025.04.23"]
[SourceQuality "1"]

1. e4 c5 2. Nf3 d6 3. d4 cxd4 4. Nxd4 Nf6 5. Nc3 a6 6. Rg1 e5 7. Nb3 Be6 8. g4 d5 9. exd5 Nxd5 10. Nxd5 Qxd5 11. Qxd5 Bxd5 12. Be3 Nc6 13. 0-0-0 0-0-0 14. Bb6 Rd6 15. g5 Be6 16. Bg2 h6 17. h4 hxg5 18. Rxd6 Bxd6 19. hxg5 Rh2 20. c3 Ne7 21. Nc5 Bxc5 22. Bxc5 Nd5 23. Bxd5 Bxd5 24. g6 fxg6 25. Rxg6 Rh6 26. Rxg7 Bxa2 27. Kd2 Rc6 28. Ba3 Bd5 29. Rg5 Re6 30. f4 Kd7 31. fxe5 Rh6 32. Ke3 Rh4 33. Rg6 Be6 34. Rg7+ Kc6 35. Re7 Bd5 36. Bd6 Rh3+ 37. Kf4 Rf3+ 38. Kg5 Rf7 39. Re8 Kd7 40. Rb8 Ke6 41. Rh8 Kd7 42. b4 Be6 43. Kg6 Bd5 44. Rh4 Be6 45. Rh8 Bd5 46. Rb8 Rf3 47. c4 Bxc4 48. Rxb7+ Kc6 49. Rb8 Rf1 50. Rc8+ Kd5 51. Rc5+ Kd4 52. Rc7 Be6 53. Rc5 Bg4 54. Kg7 Rg1 55. Kh6 Rf1 56. Be7 Rb1 57. Rc7 Be2 58. Bf6 Kd5 59. Kg7 Bb5 60. Kf7 Re1 61. Rc5+ Kd4 62. e6+ Kd3 63. e7 Bd7 64. Rd5+ Kc4 65. Rxd7 1-0

[Event "Titled Tuesday intern op 11th Mar Late"]
[Site "Chess.com INT"]
[Date "2025.03.11"]
[Round "10"]
[White "Gunnarsson, Jon Viktor"]
[Black "Ragger, Markus"]
[Result "0-1"]
[WhiteElo "2444"]
[BlackElo "2581"]
[PlyCount "62"]
[EventDate "2025.03.11"]
[EventType "swiss (blitz)"]
[EventRounds "11"]
[EventCountry "USA"]
[SourceTitle "CB12_2025"]
[SourceDate "2025.03.19"]
[SourceVersion "1"]
[SourceVersionDate "2025.03.19"]
[SourceQuality "1"]

1. e4 e5 2. Nf3 Nc6 3. Bc4 Nf6 4. d3 d5 5. exd5 Nxd5 6. h3 Nb6 7. Bb5 Bd6 8. 0-0 0-0 9. Re1 Ne7 10. d4 exd4 11. Qxd4 Nf5 12. Qd1 h6 13. Nc3 Be6 14. Ne4 Be7 15. Bf4 c6 16. Bd3 Nd5 17. Bd2 Nb4 18. Bxb4 Bxb4 19. c3 Be7 20. Qc2 Qb6 21. Nf6+ Bxf6 22. Bxf5 Bxf5 23. Qxf5 Qxb2 24. Rab1 Qxa2 25. Rxb7 Bxc3 26. Rc1 a5 27. Kh2 Bb4 28. Rxc6 Qxf2 29. Rxh6 gxh6 30. Qg4+ Kh8 31. Qd4+ Qxd4 0-1

[Event "Titled Tuesday intern op 04th Mar Early"]
[Site "Chess.com INT"]
[Date "2025.03.04"]
[Round "8"]
[White "Gunnarsson, Jon Viktor"]
[Black "Ahmad, Khagan"]
[Result "0-1"]
[WhiteElo "2444"]
[BlackElo "2391"]
[PlyCount "66"]
[EventDate "2025.03.04"]
[EventType "swiss (blitz)"]
[EventRounds "11"]
[EventCountry "USA"]
[SourceTitle "CB11_2025"]
[SourceDate "2025.03.12"]
[SourceVersion "1"]
[SourceVersionDate "2025.03.12"]
[SourceQuality "1"]

1. e4 c5 2. Nf3 d6 3. d4 cxd4 4. Nxd4 Nf6 5. Nc3 a6 6. Bd3 g6 7. Be3 Bg7 8. f3 Nc6 9. Qd2 Nxd4 10. Bxd4 e5 11. Be3 Be6 12. 0-0-0 Rc8 13. Kb1 0-0 14. Be2 Qa5 15. Nd5 Qxd2 16. Nxf6+ Bxf6 17. Rxd2 Be7 18. Rhd1 Rc6 19. b3 b5 20. Kb2 f5 21. Ra1 Bd8 22. a4 Ba5 23. Rd3 Rfc8 24. Bd1 Bc3+ 25. Rxc3 Rxc3 26. Bd2 R3c6 27. axb5 axb5 28. Bb4 fxe4 29. f4 exf4 30. c3 d5 31. Be2 d4 32. Bxb5 dxc3+ 33. Kc2 Rb6 0-1

[Event "Titled Tuesday intern op 04th Mar Early"]
[Site "Chess.com INT"]
[Date "2025.03.04"]
[Round "10"]
[White "Gunnarsson, Jon Viktor"]
[Black "Ersoz, Teoman Guney"]
[Result "0-1"]
[WhiteElo "2444"]
[BlackElo "2109"]
[PlyCount "120"]
[EventDate "2025.03.04"]
[EventType "swiss (blitz)"]
[EventRounds "11"]
[EventCountry "USA"]
[SourceTitle "CB11_2025"]
[SourceDate "2025.03.12"]
[SourceVersion "1"]
[SourceVersionDate "2025.03.12"]
[SourceQuality "1"]

1. e4 c5 2. Nf3 e6 3. d4 cxd4 4. Nxd4 a6 5. Nc3 Qc7 6. Bd3 Nf6 7. 0-0 d6 8. f4 b5 9. e5 dxe5 10. fxe5 Qxe5 11. Kh1 Bb7 12. Bf4 Qc5 13. a4 b4 14. Ncb5 axb5 15. Nxb5 Na6 16. Nd6+ Bxd6 17. Bxd6 Qd5 18. Bb5+ Kd8 19. Be5 Ke7 20. Qe2 Qe4 21. Bxf6+ gxf6 22. Qf2 f5 23. Rae1 Qg4 24. Be2 Qh3 25. Rg1 Rhg8 26. Bf1 Qg4 27. Qb6 Rab8 28. Qf2 h5 29. Re3 h4 30. h3 Qg5 31. Rd3 Rbd8 32. Qb6 Rxd3 33. Qxb7+ Rd7 34. Qxa6 Qg3 35. Qb6 Rgd8 36. Qxb4+ Kf6 37. a5 Rd1 38. a6 R8d2 39. Qb7 Qf2 40. Qf3 Qxf3 41. gxf3 Ra1 42. b4 Rdd1 43. b5 Rxf1 44. Rxf1 Rxf1+ 45. Kg2 Ra1 46. Kf2 Ke7 47. Ke3 Kd6 48. Kd4 e5+ 49. Kc4 e4 50. fxe4 fxe4 51. Kd4 Kc7 52. c4 f5 53. c5 Ra4+ 54. Kd5 e3 55. b6+ Kb8 56. a7+ Rxa7 57. bxa7+ Kxa7 58. c6 Kb8 59. Kd6 Kc8 60. Ke5 e2 0-1

[Event "Titled Tuesday intern op 04th Mar Early"]
[Site "Chess.com INT"]
[Date "2025.03.04"]
[Round "3"]
[White "Gunnarsson, Jon Viktor"]
[Black "Indjic, Aleksandar"]
[Result "0-1"]
[WhiteElo "2444"]
[BlackElo "2651"]
[PlyCount "60"]
[EventDate "2025.03.04"]
[EventType "swiss (blitz)"]
[EventRounds "11"]
[EventCountry "USA"]
[SourceTitle "CB11_2025"]
[SourceDate "2025.03.12"]
[SourceVersion "1"]
[SourceVersionDate "2025.03.12"]
[SourceQuality "1"]

1. e4 c6 2. d4 d5 3. Nc3 dxe4 4. Nxe4 Nf6 5. Nxf6+ gxf6 6. Be3 Bf5 7. Bd3 Bg6 8. Ne2 e6 9. 0-0 Nd7 10. c4 Bd6 11. a3 Rg8 12. Kh1 Qc7 13. f4 Bxd3 14. Qxd3 f5 15. d5 0-0-0 16. Nd4 Nc5 17. Qc2 Rde8 18. b4 Ne4 19. c5 exd5 20. cxd6 Qxd6 21. Nb5 Qh6 22. Nxa7+ Kb8 23. Kg1 Rg4 24. Rf3 Reg8 25. g3 Nxg3 26. hxg3 Rxg3+ 27. Rxg3 Rxg3+ 28. Kf1 Qh3+ 29. Ke1 Rxe3+ 30. Kd2 Qf3 0-1

[Event "Titled Tuesday intern op 04th Mar Early"]
[Site "Chess.com INT"]
[Date "2025.03.04"]
[Round "7"]
[White "Marra, Eduardo da Costa"]
[Black "Gunnarsson, Jon Viktor"]
[Result "0-1"]
[WhiteElo "2223"]
[BlackElo "2444"]
[PlyCount "66"]
[EventDate "2025.03.04"]
[EventType "swiss (blitz)"]
[EventRounds "11"]
[EventCountry "USA"]
[SourceTitle "CB11_2025"]
[SourceDate "2025.03.12"]
[SourceVersion "1"]
[SourceVersionDate "2025.03.12"]
[SourceQuality "1"]

1. e4 c5 2. c3 d5 3. exd5 Qxd5 4. d4 g6 5. Nf3 Bg7 6. Be3 cxd4 7. cxd4 Nc6 8. Nc3 Qa5 9. Bc4 Nh6 10. 0-0 0-0 11. h3 Nf5 12. d5 Nxe3 13. fxe3 Qc5 14. dxc6 Qxc4 15. cxb7 Bxb7 16. Qb3 Qc7 17. Rac1 Rab8 18. Qa3 Qb6 19. Na4 Qa6 20. b3 Bxf3 21. Rxf3 Qe2 22. Rcf1 Bf6 23. R1f2 Qe1+ 24. Rf1 Qa5 25. Qc5 Qa6 26. Qd5 Rfd8 27. Qe4 Qe2 28. R1f2 Qb5 29. Qg4 Rbc8 30. Qe4 Rc1+ 31. Rf1 Rdd1 32. Qf4 g5 33. Qe4 Rxf1+ 0-1

[Event "Titled Tuesday intern op 04th Mar Early"]
[Site "Chess.com INT"]
[Date "2025.03.04"]
[Round "11"]
[White "Przybylski, Wojciech"]
[Black "Gunnarsson, Jon Viktor"]
[Result "1-0"]
[WhiteElo "2335"]
[BlackElo "2444"]
[PlyCount "155"]
[EventDate "2025.03.04"]
[EventType "swiss (blitz)"]
[EventRounds "11"]
[EventCountry "USA"]
[SourceTitle "CB11_2025"]
[SourceDate "2025.03.12"]
[SourceVersion "1"]
[SourceVersionDate "2025.03.12"]
[SourceQuality "1"]

1. e4 c5 2. Nf3 d6 3. Bb5+ Nc6 4. 0-0 Bd7 5. h3 Nf6 6. Re1 e6 7. c3 a6 8. Bd3 Be7 9. Bc2 0-0 10. d3 b5 11. Nbd2 b4 12. Nc4 e5 13. Ne3 Be6 14. Bb3 Qd7 15. Bd5 a5 16. Bxc6 Qxc6 17. c4 Nd7 18. Nh2 a4 19. Bd2 g6 20. Nd5 Bxd5 21. cxd5 Qc8 22. Rc1 Bf6 23. Bxb4 Qa6 24. Bc3 Bg5 25. Rc2 f5 26. a3 fxe4 27. dxe4 h5 28. Nf3 Bh6 29. Bd2 Bg7 30. Ng5 Qd3 31. Be3 Qb3 32. Ne6 Rf7 33. Ng5 Rff8 34. Ne6 Rf7 35. Bc1 Nf8 36. Nxg7 Kxg7 37. Qd2 Kg8 38. Rc3 Qb7 39. Rg3 Rg7 40. Qh6 Rh7 41. Qg5 Qe7 42. Qd2 Rb8 43. Ree3 Rf7 44. Ref3 Rxf3 45. Rxf3 Nh7 46. Qh6 Qg7 47. Qd2 Nf6 48. Qc2 g5 49. Rf5 Nh7 50. g3 Rb3 51. Kg2 h4 52. g4 Qg6 53. Qc4 Kg7 54. Qxa4 Rb7 55. Qc6 Re7 56. a4 Qe8 57. Qxd6 Rd7 58. Qc6 Qe7 59. Be3 Qf7 60. Qxc5 Qg6 61. Qc3 Re7 62. Bc5 Re8 63. b4 Nf6 64. Qe3 Kh6 65. Bd6 Nd7 66. Bc7 Rc8 67. d6 Re8 68. b5 Nf6 69. b6 Rg8 70. b7 Nd7 71. a5 Qe6 72. a6 Qa2 73. a7 Qa6 74. a8Q Qf1+ 75. Kxf1 Rxa8 76. bxa8Q Nf6 77. Qh8+ Kg6 78. Qxg5+ 1-0

[Event "Titled Tuesday intern op 10th Sep Late"]
[Site "Chess,com INT"]
[Date "2024.09.10"]
[Round "4"]
[White "Gunnarsson, Jon Viktor"]
[Black "Yedidia, Jonathan"]
[Result "1-0"]
[WhiteElo "2448"]
[BlackElo "2345"]
[PlyCount "77"]
[EventDate "2024.09.10"]
[EventType "swiss (blitz)"]
[EventRounds "11"]
[EventCountry "USA"]
[SourceTitle "EXT 2025"]
[Source "ChessBase"]
[SourceDate "2024.10.14"]
[SourceVersion "1"]
[SourceVersionDate "2024.10.14"]
[SourceQuality "1"]

1. e4 d6 2. d4 Nf6 3. Nc3 e5 4. Nf3 Nbd7 5. Bc4 Be7 6. 0-0 0-0 7. h3 c6 8. a4 h6 9. Re1 Re8 10. a5 Qc7 11. b3 exd4 12. Nxd4 Ne5 13. Bf1 Ng6 14. Nf5 Bxf5 15. exf5 Ne5 16. Bf4 Nfd7 17. Qd2 Bf6 18. a6 b5 19. Ne4 Be7 20. Rad1 d5 21. Ng3 Bd6 22. Nh5 f6 23. c4 bxc4 24. bxc4 Nb6 25. cxd5 Nxd5 26. Qc1 Rad8 27. Bd2 Qf7 28. Ng3 Rb8 29. Bc4 Kh8 30. Bxd5 cxd5 31. Bxh6 gxh6 32. Qxh6+ Kg8 33. Nh5 Be7 34. Re3 Qh7 35. Rg3+ Kh8 36. Qxh7+ Kxh7 37. Rxd5 Kh6 38. Nf4 Rb1+ 39. Kh2 1-0

[Event "Titled Tuesday intern op 30th Jul Early"]
[Site "Chess.com INT"]
[Date "2024.07.30"]
[Round "10"]
[White "Cordova, Emilio"]
[Black "Gunnarsson, Jon Viktor"]
[Result "1-0"]
[WhiteElo "2531"]
[BlackElo "2448"]
[PlyCount "45"]
[EventDate "2024.07.30"]
[EventType "swiss (blitz)"]
[EventRounds "11"]
[EventCountry "USA"]
[SourceTitle "EXT 2025"]
[Source "ChessBase"]
[SourceDate "2024.10.14"]
[SourceVersion "1"]
[SourceVersionDate "2024.10.14"]
[SourceQuality "1"]

1. d4 Nf6 2. Bg5 d5 3. Bxf6 gxf6 4. e3 c5 5. dxc5 e6 6. c4 dxc4 7. Nd2 Bxc5 8. Bxc4 Nc6 9. Qh5 Bb4 10. Ngf3 Ne5 11. 0-0-0 Bxd2+ 12. Rxd2 Qc7 13. Nxe5 fxe5 14. Rc2 Qa5 15. Rd1 Bd7 16. Rxd7 Kxd7 17. Qxf7+ Kd8 18. Rd2+ Kc8 19. Qxe6+ Kb8 20. b4 Qa3+ 21. Kc2 Qa4+ 22. Kc1 Qa3+ 23. Kd1 1-0

[Event "Titled Tuesday intern op 30th Jul Early"]
[Site "Chess.com INT"]
[Date "2024.07.30"]
[Round "11"]
[White "Gunnarsson, Jon Viktor"]
[Black "Abdukhakimov, Akbarali"]
[Result "1-0"]
[WhiteElo "2448"]
[BlackElo "2271"]
[PlyCount "67"]
[EventDate "2024.07.30"]
[EventType "swiss (blitz)"]
[EventRounds "11"]
[EventCountry "USA"]
[SourceTitle "EXT 2025"]
[Source "ChessBase"]
[SourceDate "2024.10.14"]
[SourceVersion "1"]
[SourceVersionDate "2024.10.14"]
[SourceQuality "1"]

1. e4 c5 2. Nf3 d6 3. d4 cxd4 4. Nxd4 Nf6 5. Nc3 a6 6. Bd3 e5 7. Nde2 Be6 8. 0-0 Nbd7 9. Ng3 Be7 10. a4 0-0 11. Nd5 Bxd5 12. exd5 Re8 13. Kh1 Bf8 14. f4 e4 15. Be2 g6 16. f5 Bg7 17. Bg5 Qb6 18. b3 Qc5 19. c4 a5 20. fxg6 hxg6 21. Rb1 Nh7 22. Bd2 f5 23. b4 axb4 24. Bxb4 Qc7 25. a5 Nc5 26. Qd2 e3 27. Qc2 Ng5 28. Bxc5 Qxc5 29. Rxb7 Rxa5 30. Nxf5 gxf5 31. Qxf5 Ra7 32. Qd7 Rxb7 33. Qxe8+ Kh7 34. Bd3+ 1-0

[Event "Titled Tuesday intern op 11th Jun Late"]
[Site "Chess.com INT"]
[Date "2024.06.11"]
[Round "11"]
[White "Gunnarsson, Jon Viktor"]
[Black "Gabrielian, Artur"]
[Result "1-0"]
[WhiteElo "2448"]
[BlackElo "2428"]
[PlyCount "153"]
[EventDate "2024.06.11"]
[EventType "swiss (blitz)"]
[EventRounds "11"]
[EventCountry "USA"]
[SourceTitle "EXT 2025"]
[Source "ChessBase"]
[SourceDate "2024.10.14"]
[SourceVersion "1"]
[SourceVersionDate "2024.10.14"]
[SourceQuality "1"]

1. c4 Nf6 2. Nc3 g6 3. d4 Bg7 4. e4 d6 5. Nf3 0-0 6. Be2 e5 7. 0-0 h6 8. Re1 Nbd7 9. h3 exd4 10. Nxd4 Re8 11. Bf1 Nc5 12. f3 Nh5 13. Nd5 c6 14. Nc3 Qb6 15. Nce2 Ne6 16. Be3 Qxb2 17. Nxe6 Bxe6 18. Qxd6 Rad8 19. Qc5 b6 20. Qxc6 Qa3 21. Bd4 Bd7 22. Qc7 Be6 23. Bxg7 Kxg7 24. Nd4 Bd7 25. Nb5 Bxb5 26. cxb5 Nf6 27. Qc4 Rd2 28. Qb3 Qc5+ 29. Qe3 Qxe3+ 30. Rxe3 Rc8 31. Ra3 Rc7 32. Rd3 Rb2 33. a4 Nh5 34. Rad1 Nf4 35. Rd7 Rbc2 36. Rxc7 Rxc7 37. Rd2 h5 38. g3 Ne6 39. Kf2 Rc3 40. Rd3 Rc2+ 41. Be2 Nc5 42. Rd4 Ra2 43. Ke3 Ra3+ 44. Bd3 Nxa4 45. Ke2 Nc5 46. Rd5 Ra2+ 47. Ke3 Ra3 48. Ke2 Kf6 49. h4 Ke7 50. Bc4 f6 51. e5 Rc3 52. exf6+ Kxf6 53. Rd6+ Ke7 54. Rd4 Kf6 55. Rd6+ Ke7 56. Rd4 Ra3 57. g4 Nd7 58. Re4+ Kd6 59. Re6+ Kc7 60. Rc6+ Kd8 61. Rxg6 Ne5 62. Rg8+ Ke7 63. Bd5 Kd6 64. Be4 hxg4 65. fxg4 Rh3 66. h5 Kc5 67. Rg5 Kd4 68. Bc6 Rh2+ 69. Kf1 Nc4 70. Kg1 Rc2 71. h6 Rc1+ 72. Kg2 Ne3+ 73. Kf3 Rf1+ 74. Ke2 Ra1 75. h7 Ra2+ 76. Kf3 Rh2 77. Rh5 1-0

[Event "Titled Tuesday intern op 11th Jun Early"]
[Site "Chess.com INT"]
[Date "2024.06.11"]
[Round "1"]
[White "Nechitailo, Nikita"]
[Black "Gunnarsson, Jon Viktor"]
[Result "0-1"]
[WhiteElo "2245"]
[BlackElo "2448"]
[PlyCount "78"]
[EventDate "2024.06.11"]
[EventType "swiss (blitz)"]
[EventRounds "11"]
[EventCountry "USA"]
[SourceTitle "EXT 2025"]
[Source "ChessBase"]
[SourceDate "2024.10.14"]
[SourceVersion "1"]
[SourceVersionDate "2024.10.14"]
[SourceQuality "1"]

1. d4 Nf6 2. c4 c5 3. d5 b5 4. cxb5 a6 5. bxa6 g6 6. Nc3 Bxa6 7. e4 Bxf1 8. Kxf1 d6 9. Nf3 Nbd7 10. g3 Bg7 11. Kg2 Qb6 12. a4 0-0 13. Ra3 Rfb8 14. Nd2 Ne5 15. Qc2 c4 16. Nb5 Rc8 17. Rf1 Qc5 18. f4 Nfg4 19. fxe5 Qxa3 20. Nxa3 Ne3+ 21. Kg1 Nxc2 22. Nxc2 Bxe5 23. Nb4 Rxa4 24. Nc6 Rc7 25. Nf3 Bf6 26. Bg5 Kg7 27. Bxf6+ exf6 28. Nd2 Rb7 29. Rc1 Rxb2 30. Nxc4 Re2 31. Nxd6 Raa2 32. Ne8+ Kf8 33. Nxf6 Rg2+ 34. Kh1 Rxh2+ 35. Kg1 Rag2+ 36. Kf1 Rf2+ 37. Kg1 Rhg2+ 38. Kh1 Rxg3 39. Nd7+ Kg7 0-1

[Event "Titled Tuesday intern op 30th Apr Early"]
[Site "Chess.com INT"]
[Date "2024.04.30"]
[Round "3"]
[White "Thorhallsson, Simon"]
[Black "Gunnarsson, Jon Viktor"]
[Result "0-1"]
[WhiteElo "2173"]
[BlackElo "2448"]
[PlyCount "62"]
[EventDate "2024.04.30"]
[EventType "swiss (blitz)"]
[EventRounds "11"]
[EventCountry "USA"]
[SourceTitle "CBM 220 Extra"]
[Source "ChessBase"]
[SourceDate "2024.07.31"]
[SourceVersion "1"]
[SourceVersionDate "2024.07.31"]
[SourceQuality "1"]

1. e4 c5 2. Nf3 d6 3. d4 cxd4 4. Nxd4 Nf6 5. Nc3 Bd7 6. Be2 Nc6 7. Nb3 e6 8. 0-0 a6 9. a4 Be7 10. Be3 0-0 11. f4 Rc8 12. Bf3 Qc7 13. g4 d5 14. exd5 Nxd5 15. Bxd5 exd5 16. Nxd5 Qd8 17. Nb6 Rc7 18. Nd5 Rc8 19. Bb6 Qe8 20. Nc7 Qd8 21. Nd5 Qe8 22. f5 Bd6 23. Re1 Ne5 24. Qe2 Bc6 25. Rad1 Bxd5 26. Rxd5 Qc6 27. Rxd6 Qxd6 28. Bd4 f6 29. c3 Rfe8 30. Rf1 Qd5 31. h3 Qxb3 0-1

[Event "ISL-chT Kvika 2324"]
[Site "Reykjavik"]
[Date "2024.03.02"]
[Round "8.1"]
[White "Gunnarsson, Jon Viktor"]
[Black "Ragnarsson, Dagur"]
[Result "1-0"]
[WhiteElo "2439"]
[BlackElo "2337"]
[PlyCount "59"]
[EventDate "2023.10.12"]
[EventType "team-tourn"]
[EventRounds "10"]
[EventCountry "ISL"]
[SourceTitle "EXT 2025"]
[Source "ChessBase"]
[SourceDate "2024.10.14"]
[SourceVersion "1"]
[SourceVersionDate "2024.10.14"]
[SourceQuality "1"]
[WhiteTeam "Vikingaklubburinn"]
[BlackTeam "Skakdeild Fjolnis"]
[WhiteTeamCountry "ISL"]
[BlackTeamCountry "ISL"]

1. c4 c6 2. Nf3 d5 3. e3 Nf6 4. Nc3 e6 5. b3 Bd6 6. Bb2 0-0 7. Be2 Qe7 8. 0-0 Nbd7 9. Qc2 Re8 10. d4 b6 11. e4 dxe4 12. Nxe4 Nxe4 13. Qxe4 Bb7 14. Rad1 f5 15. Qe3 c5 16. dxc5 Bxc5 17. Qf4 Nf6 18. Ne5 Rad8 19. Bf3 Ne4 20. Bxe4 Bxe4 21. h4 Qb7 22. Kh2 Qc7 23. f3 Bb7 24. h5 Be7 25. h6 g5 26. Qg3 Bf6 27. f4 g4 28. Nxg4 Bxb2 29. Nf6+ Kf8 30. Qg8+ 1-0

[Event "ISL-chT Kvika 2324"]
[Site "Reykjavik"]
[Date "2024.03.01"]
[Round "7.3"]
[White "Van den Berg, Bram"]
[Black "Gunnarsson, Jon Viktor"]
[Result "0-1"]
[WhiteElo "2173"]
[BlackElo "2439"]
[PlyCount "100"]
[EventDate "2023.10.12"]
[EventType "team-tourn"]
[EventRounds "10"]
[EventCountry "ISL"]
[SourceTitle "EXT 2025"]
[Source "ChessBase"]
[SourceDate "2024.10.14"]
[SourceVersion "1"]
[SourceVersionDate "2024.10.14"]
[SourceQuality "1"]
[WhiteTeam "Skakdeild KR"]
[BlackTeam "Vikingaklubburinn"]
[WhiteTeamCountry "ISL"]
[BlackTeamCountry "ISL"]

1. e4 c5 2. Be2 Nc6 3. f4 d5 4. d3 g6 5. Nf3 Bg7 6. 0-0 e6 7. Qe1 Nge7 8. c3 b6 9. Na3 Ba6 10. Bd2 Qd7 11. e5 d4 12. c4 h6 13. Nc2 0-0 14. b3 Bb7 15. b4 cxb4 16. Nxb4 Nf5 17. Nc2 f6 18. exf6 Bxf6 19. g4 Ne3 20. Nxe3 dxe3 21. Bxe3 Bxa1 22. Qxa1 e5 23. Nh4 Qd6 24. f5 g5 25. Ng6 Rf7 26. Qe1 Nd4 27. Bxd4 Qxd4+ 28. Qf2 Re8 29. h4 Kg7 30. Kh2 Qxf2+ 31. Rxf2 Kf6 32. Bd1 Bc6 33. Bc2 Rd7 34. Kg3 Rd4 35. hxg5+ hxg5 36. Re2 e4 37. dxe4 Bxe4 38. Bxe4 Rexe4 39. Rxe4 Rxe4 40. Nf8 Re3+ 41. Kf2 Rh3 42. Kg2 Ra3 43. Nh7+ Ke5 44. Nxg5 Rxa2+ 45. Kf3 Ra3+ 46. Kg2 a5 47. Nf7+ Kf6 48. Nd6 Rd3 49. Ne8+ Kg5 50. f6 Rd7 0-1